[Event "Orsha op-A 22nd"]
[Site "Orsha"]
[Date "2024.01.28"]
[Round "9"]
[White "Zarubitski, Viachaslau"]
[Black "Prutskov, Aleksei"]
[Result "1/2-1/2"]
[WhiteElo "2421"]
[BlackElo "1844"]
[PlyCount "79"]
[EventDate "2024.01.22"]
[EventType "swiss"]
[EventRounds "9"]
[EventCountry "BLR"]
[SourceTitle "CBM 218 Extra"]
[Source "ChessBase"]
[SourceDate "2024.03.31"]
[SourceVersion "1"]
[SourceVersionDate "2024.03.31"]
[SourceQuality "1"]

1. e4 c5 2. Nf3 d6 3. d4 cxd4 4. Nxd4 Nf6 5. Nc3 Nc6 6. Bg5 e6 7. Qd3 a6 8. Nxc6 bxc6 9. 0-0-0 h6 10. Bf4 d5 11. Be2 Bb4 12. Qg3 Bb7 13. e5 Bxc3 14. bxc3 Ne4 15. Qxg7 Qa5 16. Rd3 Qxa2 17. Kd1 Qb1+ 18. Bc1 Nxf2+ 19. Kd2 0-0-0 20. Qxf7 Nxh1 21. Ba3 Rd7 22. Qf6 Rhd8 23. Bc5 Qb5 24. Bd6 Qb6 25. Rf3 c5 26. Qxe6 d4 27. Rf4 dxc3+ 28. Ke3 c4+ 29. Rd4 Bc6 30. Bf3 Bxf3 31. gxf3 Kb7 32. f4 Qb1 33. Qd5+ Ka7 34. Ke4 Kb6 35. Qc5+ Kb7 36. Qd5+ Kb6 37. Qc5+ Kb7 38. Qd5+ Ka7 39. Qc5+ Qb6 40. Ke3 1/2-1/2

[Event "Orsha op-A 22nd"]
[Site "Orsha"]
[Date "2024.01.24"]
[Round "5"]
[White "Prutskov, Aleksei"]
[Black "Krukouski, Serafim"]
[Result "1/2-1/2"]
[WhiteElo "1844"]
[BlackElo "1671"]
[PlyCount "75"]
[EventDate "2024.01.22"]
[EventType "swiss"]
[EventRounds "9"]
[EventCountry "BLR"]
[SourceTitle "CBM 218 Extra"]
[Source "ChessBase"]
[SourceDate "2024.03.31"]
[SourceVersion "1"]
[SourceVersionDate "2024.03.31"]
[SourceQuality "1"]

1. d4 Nf6 2. Nf3 g6 3. c4 c5 4. Nc3 cxd4 5. Nxd4 d5 6. e3 dxc4 7. Bxc4 Bg7 8. Qa4+ Nbd7 9. Bxf7+ Kxf7 10. Qb3+ e6 11. Nxe6 Qe7 12. Nc7+ Kf8 13. Nxa8 Nc5 14. Qd1 Be6 15. 0-0 Kf7 16. b4 Nce4 17. Bb2 Nd6 18. e4 Nc4 19. Nd5 Nxb2 20. Nxe7 Nxd1 21. Raxd1 Kxe7 22. Nc7 Bc4 23. Rfe1 Rc8 24. Nd5+ Nxd5 25. exd5+ Kd6 26. Re6+ Kd7 27. Re3 Bxa2 28. Ra3 Bc4 29. Rxa7 Ba6 30. h4 Be5 31. d6 Kc6 32. Rc1+ Kd7 33. Rd1 Kc6 34. Rc1+ Kd7 35. Rd1 Kc6 36. Rc1+ Kd7 37. Rd1 Rb8 38. b5 1/2-1/2

[Event "Orsha op-A 22nd"]
[Site "Orsha"]
[Date "2024.01.23"]
[Round "4"]
[White "Siniauski, Artsiom"]
[Black "Prutskov, Aleksei"]
[Result "1/2-1/2"]
[WhiteElo "2204"]
[BlackElo "1844"]
[PlyCount "86"]
[EventDate "2024.01.22"]
[EventType "swiss"]
[EventRounds "9"]
[EventCountry "BLR"]
[SourceTitle "CBM 218 Extra"]
[Source "ChessBase"]
[SourceDate "2024.03.31"]
[SourceVersion "1"]
[SourceVersionDate "2024.03.31"]
[SourceQuality "1"]

1. e4 c5 2. Nf3 d6 3. d4 cxd4 4. Qxd4 Nc6 5. Qe3 Nf6 6. Be2 g6 7. 0-0 Bg7 8. h3 0-0 9. Rd1 Nd7 10. Nc3 b6 11. Rb1 Bb7 12. Nd5 Rc8 13. c4 Nce5 14. Nxe5 Nxe5 15. b3 Nc6 16. Ba3 Re8 17. Rbc1 e5 18. Bg4 Rb8 19. Nc3 Nd4 20. Nb5 f5 21. Bf3 Re6 22. exf5 Nxf5 23. Qe2 Bxf3 24. Qxf3 e4 25. Qe2 a6 26. Nc3 e3 27. Nd5 Nd4 28. Rxd4 Bxd4 29. fxe3 Qg5 30. Re1 Qg3 31. Qf2 Qxf2+ 32. Kxf2 Rf8+ 33. Ke2 Be5 34. Rd1 Bg3 35. Kd3 b5 36. cxb5 axb5 37. Nc7 Ref6 38. Bb4 Rf5 39. e4 Rf2 40. Rd2 Rxd2+ 41. Bxd2 Rb8 42. Kd4 Rb7 43. Ba5 Bf2+ 1/2-1/2

[Event "RUS-chT Blitz"]
[Site "Sochi"]
[Date "2023.10.17"]
[Round "11.24"]
[White "Zakaryan, David"]
[Black "Prutskov, Aleksei"]
[Result "1-0"]
[WhiteElo "2307"]
[BlackElo "1844"]
[PlyCount "95"]
[EventDate "2023.10.17"]
[EventType "team-swiss (blitz)"]
[EventRounds "13"]
[EventCountry "RUS"]
[SourceTitle "CBM 216 Extra"]
[Source "ChessBase"]
[SourceDate "2023.11.30"]
[SourceVersion "1"]
[SourceVersionDate "2023.11.30"]
[SourceQuality "1"]
[WhiteTeam "Krasnodarsk Region"]
[BlackTeam "Vladimir Region"]
[WhiteTeamCountry "RUS"]
[BlackTeamCountry "RUS"]

1. e4 c5 2. Nf3 d6 3. d4 cxd4 4. Nxd4 Nf6 5. Nc3 Nc6 6. f3 e5 7. Nb3 Be7 8. Be3 a5 9. Nd5 0-0 10. Bb6 Qd7 11. a4 Nxd5 12. exd5 Nb4 13. c3 Na6 14. Bd3 Nc5 15. Bb5 Qf5 16. Nxc5 dxc5 17. d6 Bh4+ 18. g3 Bd8 19. Bxc5 e4 20. Be3 Be6 21. 0-0 Bf6 22. fxe4 Qxe4 23. Qf3 Qc2 24. Rf2 Qb3 25. Ra3 Qd5 26. Qxd5 Bxd5 27. c4 Be4 28. Rxf6 gxf6 29. Bb6 Bc6 30. Bxc6 bxc6 31. Re3 Kg7 32. Re7 Kg6 33. Kf2 Kf5 34. Kf3 h5 35. h3 Kg5 36. Be3+ Kf5 37. g4+ hxg4+ 38. hxg4+ Kg6 39. Bb6 Rh8 40. d7 Rhd8 41. Bxd8 Rxd8 42. Kf4 Kg7 43. Kf5 Kf8 44. Kxf6 c5 45. Rxf7+ Kg8 46. Re7 Rf8+ 47. Ke6 Rd8 48. Re8+ 1-0

[Event "Orsha op"]
[Site "Orsha"]
[Date "2019.01.23"]
[Round "8"]
[White "Prutskov, Aleksei"]
[Black "Bury, Gleb Maximovich"]
[Result "1-0"]
[WhiteElo "1824"]
[BlackElo "1961"]
[PlyCount "61"]
[EventDate "2019.01.18"]
[EventType "swiss"]
[EventRounds "9"]
[EventCountry "BLR"]
[SourceTitle "CBM 188 Extra"]
[Source "ChessBase"]
[SourceDate "2019.02.28"]
[SourceVersion "1"]
[SourceVersionDate "2019.02.28"]
[SourceQuality "1"]

1. d4 Nf6 2. c4 g6 3. Nc3 d5 4. cxd5 Nxd5 5. e4 Nxc3 6. bxc3 Bg7 7. Bc4 c5 8. Ne2 Nc6 9. Be3 0-0 10. 0-0 b6 11. Qd2 Bb7 12. f4 cxd4 13. cxd4 Rc8 14. Rac1 Na5 15. Bd3 Qd6 16. f5 Qa3 17. e5 Rxc1 18. Rxc1 Rc8 19. Rxc8+ Bxc8 20. fxg6 hxg6 21. Qc3 Qxc3 22. Nxc3 e6 23. Nb5 Ba6 24. a4 Nc6 25. Be4 Bxb5 26. axb5 Nb4 27. Bg5 Kf8 28. h4 a5 29. Bd8 Ke8 30. Bxb6 a4 31. Ba5 1-0

[Event "Orsha op"]
[Site "Orsha"]
[Date "2019.01.20"]
[Round "5"]
[White "Pogosian, Georgy"]
[Black "Prutskov, Aleksei"]
[Result "1-0"]
[WhiteElo "2090"]
[BlackElo "1824"]
[PlyCount "135"]
[EventDate "2019.01.18"]
[EventType "swiss"]
[EventRounds "9"]
[EventCountry "BLR"]
[SourceTitle "CBM 188 Extra"]
[Source "ChessBase"]
[SourceDate "2019.02.28"]
[SourceVersion "1"]
[SourceVersionDate "2019.02.28"]
[SourceQuality "1"]

1. d4 d5 2. Nf3 Nf6 3. c4 e6 4. g3 c6 5. Bg2 Be7 6. 0-0 0-0 7. Qc2 b6 8. Nbd2 Bb7 9. e4 Nbd7 10. e5 Ne8 11. cxd5 cxd5 12. Re1 Rc8 13. Qd1 Qc7 14. Nf1 Qc2 15. Qxc2 Rxc2 16. Ne3 Rc8 17. Bd2 Nc7 18. a3 a5 19. Bf1 Ba6 20. Rec1 Bxf1 21. Kxf1 Na8 22. Nd1 f6 23. exf6 gxf6 24. Nc3 Bd6 25. Nb5 Bb8 26. b4 e5 27. bxa5 e4 28. Nh4 Rxc1+ 29. Rxc1 bxa5 30. Bxa5 f5 31. Bb4 Rf6 32. Rc8+ Kf7 33. Rd8 Nab6 34. a4 f4 35. gxf4 Bxf4 36. a5 Ke6 37. axb6 Nxb6 38. Re8+ Kd7 39. Re7+ Kc8 40. Ng2 Bxh2 41. Rxh7 Bg3 42. Rh8+ Kb7 43. Rf8 Rxf8 44. Bxf8 Bb8 45. Bd6 Bxd6 46. Nxd6+ Kc6 47. Nf5 Kb5 48. Ke2 Kc6 49. Nf4 Kb5 50. Ne3 Kc6 51. Nfxd5 Nd7 52. Nc3 Nf6 53. Nf5 Kd7 54. Ng3 Ke6 55. Ngxe4 Ne8 56. Ke3 Ng7 57. Ng3 Ne8 58. d5+ Kd6 59. Kd4 Ng7 60. Nce4+ Kd7 61. Ke5 Kd8 62. f4 Ne8 63. Nc5 Kc7 64. Nge4 Kd8 65. Nf6 Nc7 66. Ne6+ Nxe6 67. Kxe6 Kc8 68. Ke7 1-0